Anatómia pre medziodborové štúdium I

Podrobná bibliografia
Hlavný autor: Beňuška, Jozef, 1939- (Autor)
Médium: Kniha
Jazyk:slovenčina
Fyzický popis:176 s. ilustr., sch. 29 cm
Vydavateľské údaje: Bratislava Univerzita Komenského 1995
ISBN:8022308994
Edícia:Vysokoškolské skriptá
Predmet:

MARC

LEADER 00000cam a2200000 a 4500
001 vtls001079086
003 SK-MaSNL
005 20260512093502.0
008 250414s1995 xo al frp 000 0 slo
015 |a SNBA1995/06 
020 |a 8022308994  |q (brož.) 
035 |a SNK000021921 
035 |a urn:nbn:sk:snk-amlgv0 
035 |a urn:nbn:sk:snk-am00bp0p 
035 |a 94879889-697E-48EE-AFD7-BB4CFBCB665B 
040 |a SNK  |b slo  |c SNK  |e AACR2 
041 0 |a slo 
044 |a xo  |c SK 
072 7 |a 611  |x Anatómia človeka a porovnávacia anatómia  |2 konspekt 
072 7 |a 37.016  |x Učebné osnovy. Vyučovacie predmety. Učebnice  |2 konspekt 
080 |a 611(075.8)  |2 1981 
080 |a 611  |2 2011 
080 |a (075.8)  |2 2011 
245 0 0 |a Anatómia pre medziodborové štúdium I  |c Jozef Beňuška a kolektív 
260 |a Bratislava  |b Univerzita Komenského  |c 1995 
300 |a 176 s.  |b ilustr., sch.  |c 29 cm 
490 1 |a Vysokoškolské skriptá 
500 |a Vydala Lekárska fakulta Univerzity Komenského 
650 0 7 |a anatómia človeka  |2 SNKPH  |9 711 
655 7 |a učebnice vysokých škôl  |2 SNKPH  |9 70191 
700 1 |a Beňuška, Jozef,  |d 1939-  |4 aut  |9 209025 
710 2 |a Univerzita Komenského v Bratislave.  |b Lekárska fakulta  |4 pbl 
810 |a Univerzita Komenského v Bratislave.  |b Lekárska fakulta  |t Vysokoškolské skriptá  |9 277420 
852 |a Slovenská národná knižnica 
919 |a 80-223-0899-4 
954 |a odborná, vedecká literatúra pôvodná (slovenská)  |2 lita 
958 |a RK 
958 |a TL 
958 |a MI 
958 |a OND 
958 |a UV 
999 |c 792039  |d 793969 
952 |t P60, <04>, [BOOK], {604}  |a SNK  |b SNK  |y VYP  |7 0  |p 17A0060733  |o snkSB 54086/1 D1  |0 0  |1 0  |4 0  |d 1997-04-12  |l 0  |r 2004-12-31 00:00:00  |w 2026-02-24 
952 |a SNK  |b SNK  |y PREZ  |7 0  |p 17A0906664  |o snkSB 54086/1  |i snkKSP 5542/95  |0 0  |1 0  |4 0  |d 2012-08-03  |f 1  |l 0  |r 2025-03-26 00:00:00  |w 2026-02-24